[Event "Druzynowe Mistrzostwa Polski Juniorow 2018 - II Liga"]
[Site "Szczyrk"]
[Date "1899-12-30"]
[Round "6.10"]
[White "Wolaniecki, Patryk"]
[Black "Strepikowski, Pawel"]
[Result "1-0"]
[WhiteTitle "I"]
[BlackTitle "II"]
[WhiteElo "1713"]
[BlackElo "1487"]

1. e4 c5 2. Nf3 d6 3. c3 Nf6 4. Be2 Nbd7 5. Qc2 Qc7 6. O-O e6 7. d3 Be7 8. h3 O-O
9. Bf4 a6 10. a4 b6 11. Nbd2 Bb7 12. Bh2 Rfd8 13. Nc4 b5 14. Ne3 Nf8 15. Nd2 Qc6
16. f4 d5 17. Bf3 dxe4 18. Nxe4 Qb6 19. a5 Qa7 20. Kh1 c4 21. d4 Ng6 22. Rae1
Nd5 23. Nxd5 Bxd5 24. Nd2 Nh4 25. Be4 f5 26. Bxd5 exd5 27. g3 Ng6 28. Qxf5 Bf6
29. Nf3 Qc7 30. Qe6+ Kh8 31. f5 Nf8 32. Qe2 Qxa5 33. g4 Re8 34. Qxe8 Rxe8 35.
Rxe8 Kg8 36. Bd6 Be7 37. Rxe7 Qd8 38. Bc5 Nd7 39. Rfe1 Nf6 40. Ng5 Qb8 41. R1e6
h6 42. Bd6 Qa8 43. Nf7 Kh7 44. Ne5 a5 45. Rxf6 b4 46. Rff7 bxc3 47. Rxg7+ Kh8
48. Rh7+ Kg8 49. Reg7# 1-0

[Event "Druzynowe Mistrzostwa Polski Juniorow 2018 - II Liga"]
[Site "Szczyrk"]
[Date "1899-12-30"]
[Round "6.11"]
[White "Daliga, Anita"]
[Black "Trembowiecka-wysota, Aleksandra"]
[Result "1/2-1/2"]
[WhiteTitle "I+"]
[BlackTitle "I"]
[WhiteElo "1605"]
[BlackElo "1555"]

1. e4 c5 2. d3 e6 3. g3 d5 4. Nd2 Nc6 5. Bg2 Nf6 6. Ngf3 g6 7. O-O Bg7 8. Re1 O-O
9. c3 b5 10. Qc2 c4 11. d4 a5 12. e5 Nd7 13. Nf1 Qb6 14. h4 b4 15. N1h2 a4 16.
Ng4 b3 17. Qe2 bxa2 18. Rxa2 a3 19. Bh6 f5 20. exf6 Nxf6 21. Nxf6+ Rxf6 22. Bxg7
Kxg7 23. bxa3 Qb3 24. Qd2 Rxa3 25. Rxa3 Qxa3 26. Ne5 Nxe5 27. Rxe5 Qd6 28. Qe3
Rf5 29. Rxf5 exf5 30. h5 Qe6 31. Qxe6 Bxe6 32. hxg6 hxg6 33. Kf1 Kf6 34. Ke2 g5
35. Ke3 Ke7 36. f4 g4 1/2-1/2

[Event "Druzynowe Mistrzostwa Polski Juniorow 2018 - II Liga"]
[Site "Szczyrk"]
[Date "1899-12-30"]
[Round "6.12"]
[White "Bienko, Jagoda"]
[Black "Filipiak, Magdalena"]
[Result "1-0"]
[WhiteTitle "I"]
[BlackTitle "I"]
[WhiteElo "1436"]
[BlackElo "1231"]

1. d4 d5 2. c4 e6 3. Nc3 c6 4. Nf3 Nf6 5. Bg5 Nbd7 6. e3 Qa5 7. a3 Ne4 8. Qc2 Bb4
9. Rc1 Bxc3+ 10. bxc3 Qxa3 11. cxd5 exd5 12. Bf4 O-O 13. Bd3 c5 14. Bxe4 dxe4
15. Ng5 f5 16. Ne6 cxd4 17. cxd4 Qa5+ 18. Qc3 Qxc3+ 19. Rxc3 Rf7 20. Nc7 Rb8 21.
Nb5 Ra8 22. Nc7 Rb8 23. O-O b6 24. Rfc1 Bb7 25. Nb5 Ra8 26. Nd6 Re7 27. Nxb7 Nf6
28. Nd6 g6 29. Rc8+ Rxc8 30. Rxc8+ Kg7 31. Be5 a5 32. Ne8+ Kf7 33. Nxf6 b5 34.
Nd5 Ra7 35. Rc7+ Rxc7 36. Nxc7 b4 37. d5 a4 38. Na6 b3 39. Nc5 a3 40. Nxb3 a2
41. Nc5 Ke7 42. d6+ Kd8 43. Bf6+ Kc8 44. d7+ 1-0

[Event "Druzynowe Mistrzostwa Polski Juniorow 2018 - II Liga"]
[Site "Szczyrk"]
[Date "1899-12-30"]
[Round "6.13"]
[White "Kawalko, Adam"]
[Black "Lis, Mateusz"]
[Result "0-1"]
[WhiteTitle "I"]
[BlackTitle "k"]
[WhiteElo "1751"]
[BlackElo "2102"]

1. e4 c5 2. Nf3 e6 3. d4 cxd4 4. Nxd4 Nc6 5. Nc3 Qc7 6. Be3 a6 7. Be2 Nf6 8. O-O
b5 9. Nxc6 dxc6 10. Qd3 e5 11. Rad1 Be6 12. Bg5 Be7 13. f4 Bc5+ 14. Kh1 Ng4 15.
f5 Bc4 16. Qg3 Bxe2 17. Nxe2 h5 18. h3 f6 19. hxg4 fxg5 20. Qh3 Qf7 21. Ng3 h4
22. Nh5 O-O 23. g3 Qc4 24. Qg2 h3 25. Qxh3 Qxe4+ 26. Kh2 Rad8 27. Rfe1 Qf3 28.
Rf1 Qe2+ 29. Qg2 Qxg4 0-1

[Event "Druzynowe Mistrzostwa Polski Juniorow 2018 - II Liga"]
[Site "Szczyrk"]
[Date "1899-12-30"]
[Round "6.14"]
[White "Bachor, Tomasz"]
[Black "Dytman, Radoslaw"]
[Result "1/2-1/2"]
[WhiteTitle "I"]
[BlackTitle "I"]
[WhiteElo "1844"]
[BlackElo "1728"]

1. e4 e5 2. Nf3 Nc6 3. Bb5 a6 4. Bxc6 dxc6 5. O-O Bd6 6. d4 exd4 7. Qxd4 f6 8.
Re1 Ne7 9. e5 fxe5 10. Nxe5 O-O 11. Nc3 Be6 12. Bf4 Nf5 13. Qe4 Re8 14. Rad1 Qe7
15. Nf3 h6 16. Nd4 Nxd4 17. Bxd6 cxd6 18. Qxd4 d5 19. Na4 Qf7 20. Nc5 Re7 21.
Re5 Rae8 22. Rde1 Bf5 23. c3 Qf6 24. R5e3 Qg5 25. f4 Qh4 26. g3 Rxe3 27. Rxe3
Qd8 28. Nxb7 Qb8 29. Rxe8+ Qxe8 30. Qe5 Qh5 31. Qe1 Bh3 32. Kf2 Bc8 33. Nd6 Qxh2+
34. Ke3 Bg4 35. Qf2 Qh1 36. Kd4 Qd1+ 37. Kc5 Qa4 38. a3 Bd7 39. b4 Qxa3 40. Kb6
Qxc3 41. Kc7 Bg4 42. Qc5 Qxg3 43. Kxc6 Qxf4 44. Kb6 Be2 45. Qc8+ Qf8 46. Qe6+
Kh7 47. Kc5 Bc4 48. Kb6 Qf2+ 49. Kb7 Qf8 50. Nxc4 dxc4 51. Qxc4 Qd6 52. Qc2+ g6
53. Qc5 Qf6 54. Qc7+ Qg7 55. Qxg7+ Kxg7 56. Kxa6 h5 57. b5 h4 58. b6 h3 59. b7
h2 60. Qb8 Qh1 61. Qe5+ Kf7 62. Qf4+ Ke6 63. Qg4+ Kf7 64. Qf4+ Kg7 65. Qe5+ Kh7
66. Qe7+ Kh6 67. Qf8+ Kg5 68. Qe7+ Kf5 69. Qf7+ Ke5 70. Qxg6 1/2-1/2

[Event "Druzynowe Mistrzostwa Polski Juniorow 2018 - II Liga"]
[Site "Szczyrk"]
[Date "1899-12-30"]
[Round "6.15"]
[White "Nowak, Filip"]
[Black "Karwacki, Piotr"]
[Result "0-1"]
[WhiteTitle "II+"]
[BlackTitle "I"]
[WhiteElo "1595"]
[BlackElo "1828"]

1. e4 c5 2. Nf3 Nc6 3. d4 cxd4 4. Nxd4 e5 5. Nb5 a6 6. Nd6+ Bxd6 7. Qxd6 Qf6 8.
Qd1 Qg6 9. Nc3 d5 10. f3 Nf6 11. g4 dxe4 12. g5 exf3 13. gxf6 Qxf6 14. Be3 Nd4
15. Qd2 Bf5 16. Bd3 Rd8 17. Bg5 Nxc2+ 18. Qxc2 Qxg5 19. Bxf5 Qe3+ 20. Ne2 fxe2
21. Qa4+ b5 22. Qb4 Rd1+ 23. Rxd1 Rexd1+ 24. Kxd1 Qf3+ 25. Kd2 Qxh1 26. Qd6 Qxh2+
27. Kc3 Qg3+ 28. Bd3 Qg5 29. Be4 Qe3+ 30. Bd3 Qd4+ 0-1

[Event "Druzynowe Mistrzostwa Polski Juniorow 2018 - II Liga"]
[Site "Szczyrk"]
[Date "1899-12-30"]
[Round "6.16"]
[White "Furgal, Grzegorz"]
[Black "Jaworski, Tymon"]
[Result "1/2-1/2"]
[WhiteTitle "II"]
[BlackTitle "II"]
[WhiteElo "1409"]
[BlackElo "1386"]

1. e4 e5 2. Nf3 Nc6 3. Bc4 Bc5 4. c3 d6 5. d4 exd4 6. cxd4 Bb4+ 7. Nc3 Nf6 8. O-O
Bg4 9. d5 Ne5 10. Qa4+ Qd7 11. Bb5 c6 12. dxc6 bxc6 13. Nxe5 cxb5 14. Nxb5 dxe5
15. Qxb4 Qe7 16. Qa4 O-O 17. Bg5 Bd7 18. Bxf6 Qxf6 19. Qa5 Rab8 20. a4 Qg6 21.
f3 a6 22. Qd2 axb5 23. Qxd7 bxa4 24. Rf2 Qb6 25. Qxa4 Qe3 26. b4 Rfc8 27. b5 Rc1+
28. Rxc1 Qxc1+ 29. Rf1 Qc5+ 30. Kh1 Rxb5 1/2-1/2

[Event "Druzynowe Mistrzostwa Polski Juniorow 2018 - II Liga"]
[Site "Szczyrk"]
[Date "1899-12-30"]
[Round "6.17"]
[White "Krzyzosiak, Anna"]
[Black "Cebula, Alicja"]
[Result "0-1"]
[WhiteTitle "I+"]
[BlackTitle "I"]
[WhiteElo "1552"]
[BlackElo "1583"]

1. e4 c5 2. Nf3 e6 3. d4 cxd4 4. Nxd4 a6 5. Bd3 b5 6. O-O Qb6 7. Be3 Bc5 8. c3
Qc7 9. Nd2 Nf6 10. a4 b4 11. cxb4 Bxb4 12. Rc1 Qb7 13. Nc4 O-O 14. e5 Nd5 15.
Be4 Nc6 16. Nxc6 dxc6 17. Bxd5 cxd5 18. Nb6 Rb8 19. Qg4 Ba5 20. Nxc8 Rfxc8 21.
Bh6 g6 22. Qf4 Bd8 23. Rxc8 Rxc8 24. Rc1 Rb8 25. Rb1 Qb3 26. g3 Rb4 27. Qc1 Rc4
28. Qd1 Qxd1+ 29. Rxd1 Rxa4 30. Rc1 Rc4 31. Rxc4 dxc4 32. Be3 Kf8 33. Kf1 Ke8
34. Ke2 Kd7 35. Ba7 Kc6 36. Ke3 Bb6+ 37. Bxb6 Kxb6 38. Kd4 Kb5 39. Kc3 Kc5 40.
f3 g5 41. h3 a5 42. h4 gxh4 43. gxh4 h5 44. f4 Kd5 45. Kd2 Kd4 46. Kc2 a4 47.
Kd2 c3+ 48. bxc3+ Kc4 49. Kc2 a3 50. Kb1 Kxc3 51. Ka2 Kd4 52. Kxa3 Ke4 0-1

[Event "Druzynowe Mistrzostwa Polski Juniorow 2018 - II Liga"]
[Site "Szczyrk"]
[Date "1899-12-30"]
[Round "6.18"]
[White "Mroz, Lena"]
[Black "Krzyzosiak, Marta"]
[Result "1-0"]
[WhiteTitle "I++"]
[BlackTitle "I"]
[WhiteElo "1566"]
[BlackElo "1579"]

1. e4 c5 2. Nf3 d6 3. d4 cxd4 4. Nxd4 Nf6 5. Nc3 a6 6. f4 e5 7. Nf3 Nbd7 8. Bd3
Be7 9. f5 b5 10. a3 Bb7 11. O-O Nc5 12. Qe1 O-O 13. Bd2 Qc7 14. Qe2 Rfe8 15. b4
Nxd3 16. cxd3 Rac8 17. Rfc1 Qd7 18. Kh1 h6 19. Qf2 Bf8 20. Qh4 d5 21. Bxh6 gxh6
22. Qxf6 Bg7 23. Qh4 dxe4 24. dxe4 Qd8 25. Qg3 Kh7 26. h3 Qb6 27. Nd2 Qd4 28.
Nb3 Qb6 29. Ra2 Red8 30. Rac2 Qd6 31. Nc5 Rxc5 32. bxc5 Qxc5 33. Nd5 Qd6 34. Rd2
Bxd5 35. Rxd5 Qf6 36. Rxd8 Qxd8 37. Qb3 Qd2 38. Rd1 Qe2 39. Qd5 Qc2 40. f6 Qe2
41. Qxf7 Qxd1+ 42. Kh2 1-0

[Event "Druzynowe Mistrzostwa Polski Juniorow 2018 - II Liga"]
[Site "Szczyrk"]
[Date "1899-12-30"]
[Round "6.19"]
[White "Klepek, Witold"]
[Black "Pniaczek, Marek"]
[Result "1-0"]
[WhiteTitle "k+"]
[BlackTitle "CM"]
[WhiteElo "2076"]
[BlackElo "2082"]

1. e4 c5 2. Nf3 d6 3. Nc3 e5 4. Bc4 Be6 5. Nd5 Nf6 6. Nxf6+ Qxf6 7. Bxe6 fxe6 8.
O-O Be7 9. c3 Nc6 10. d3 O-O 11. Qb3 b6 12. Ng5 Nd8 13. f4 h6 14. Nh3 Nc6 15.
Be3 Na5 16. Qa4 Rac8 17. fxe5 Qxe5 18. Qd7 Bg5 19. Nxg5 hxg5 20. b4 cxb4 21. Bd4
1-0

[Event "Druzynowe Mistrzostwa Polski Juniorow 2018 - II Liga"]
[Site "Szczyrk"]
[Date "1899-12-30"]
[Round "6.20"]
[White "Musial, Tomasz"]
[Black "Burzak, Wojciech"]
[Result "1-0"]
[WhiteTitle "k"]
[BlackTitle "I"]
[WhiteElo "2029"]
[BlackElo "1749"]

1. e4 e5 2. Nf3 Nc6 3. Bb5 Nf6 4. d4 Nxe4 5. dxe5 Be7 6. O-O O-O 7. Re1 d5 8. exd6
Bxd6 9. Nbd2 Nxd2 10. Bxd2 Bg4 11. Bc3 a6 12. Bxc6 h5 13. Bxb7 Rb8 14. Bd5 c6
15. Qd4 Qf6 16. Qxf6 1-0

[Event "Druzynowe Mistrzostwa Polski Juniorow 2018 - II Liga"]
[Site "Szczyrk"]
[Date "1899-12-30"]
[Round "6.21"]
[White "Kozubek, Krystian"]
[Black "Wilk, Igor"]
[Result "1-0"]
[WhiteTitle "II"]
[BlackTitle "I"]
[WhiteElo "1386"]
[BlackElo "1560"]

1. e4 e6 2. d4 d5 3. Nd2 c5 4. Ngf3 Nc6 5. exd5 exd5 6. Bb5 Bd6 7. O-O Ne7 8. dxc5
Bxc5 9. Nb3 Bb6 10. Re1 O-O 11. Bg5 f6 12. Be3 Bxe3 13. Rxe3 Bg4 14. Be2 Re8 15.
Nfd4 Bxe2 16. Qxe2 Ne5 17. Re1 Rc8 18. f4 N5g6 19. g3 Qd7 20. c3 a6 21. Qg2 Kf7
22. Qe2 Kg8 23. Qd3 Kf7 24. Re6 Nf8 25. R6e3 Nfg6 26. Ne6 Nc6 27. Nec5 Rxe3 28.
Rxe3 Qd8 29. Nxb7 Qd7 30. N3c5 Qc7 31. Qxd5+ Kf8 32. Ne6+ 1-0

[Event "Druzynowe Mistrzostwa Polski Juniorow 2018 - II Liga"]
[Site "Szczyrk"]
[Date "1899-12-30"]
[Round "6.22"]
[White "Bartoszczuk, Adam"]
[Black "Raba, Bartosz"]
[Result "0-1"]
[WhiteTitle "II+"]
[BlackTitle "II"]
[WhiteElo "1249"]
[BlackElo "1272"]

1. e4 e5 2. Nf3 Nc6 3. Bc4 Nf6 4. d3 Be7 5. c3 d6 6. h3 O-O 7. O-O Bd7 8. Bb3 h6
9. Re1 Kh8 10. Nbd2 Nh7 11. Bc2 f5 12. exf5 Bxf5 13. Ne4 Nf6 14. Ng3 Bh7 15. Ne4
Nxe4 16. dxe4 Qe8 17. Nh2 g5 18. Bb3 Qg6 19. Re3 Nd8 20. Rf3 Rxf3 21. Qxf3 Qxe4
22. Be3 Qxf3 23. Nxf3 Nc6 24. Bd5 a6 25. a4 Bf6 26. Nd2 Kg7 27. Ne4 Nd8 28. Ra3
c6 29. Nxf6 Kxf6 30. Bf3 Ke6 31. Kf1 Rc8 32. Rb3 b5 33. a5 e4 34. Be2 Nf7 35.
c4 Ne5 36. cxb5 cxb5 37. Bxb5 axb5 38. Rxb5 Nc4 39. Bd4 e3 40. f3 Bd3+ 41. Kg1
e2 42. Kf2 Nd2 43. Rb6 Rc1 44. a6 Qe1# 0-1

[Event "Druzynowe Mistrzostwa Polski Juniorow 2018 - II Liga"]
[Site "Szczyrk"]
[Date "1899-12-30"]
[Round "6.23"]
[White "Gredka, Dominika"]
[Black "Pyzio, Amelia"]
[Result "1-0"]
[WhiteTitle "I++"]
[BlackTitle "I++"]
[WhiteElo "1794"]
[BlackElo "1679"]

1. e4 e5 2. Nf3 Nc6 3. Bb5 a6 4. Ba4 Nf6 5. O-O Be7 6. Re1 b5 7. Bb3 d6 8. c3 O-O
9. h3 Nb8 10. d4 Nbd7 11. Nbd2 Bb7 12. Bc2 Re8 13. Nf1 Bf8 14. Ng3 g6 15. a4 Bg7
16. Bd2 Nb6 17. axb5 axb5 18. Bd3 c6 19. Qb3 Qc7 20. Rxa8 Rxa8 21. dxe5 dxe5 22.
Be3 Nfd7 23. Rc1 h6 24. Nh4 Qd6 25. Be2 Qe7 26. Nf3 Bf8 27. Rd1 Kg7 28. Bxb6 Nxb6
29. h4 Bc8 30. h5 Qf6 31. hxg6 fxg6 32. Qc2 Ra2 33. Qb1 Be6 34. b3 Ra3 35. c4
h5 36. Qb2 Nd7 37. cxb5 cxb5 38. Bxb5 Nb6 39. Bc4 Bxc4 40. bxc4 Nxc4 41. Qb7+
Kh6 42. Qd5 Rc3 43. Rb1 Rc2 44. Qd3 h4 45. Qxc2 hxg3 46. Qxc4 gxf2+ 47. Kxf2 g5
48. Rh1+ Kg6 49. Qg8+ Bg7 50. Qe8+ 1-0

[Event "Druzynowe Mistrzostwa Polski Juniorow 2018 - II Liga"]
[Site "Szczyrk"]
[Date "1899-12-30"]
[Round "6.24"]
[White "Mucha, Marta"]
[Black "Jureczko, Anna"]
[Result "1-0"]
[WhiteTitle "I+"]
[BlackTitle "II+"]
[WhiteElo "1432"]
[BlackElo "1204"]

1. d4 Nf6 2. Nf3 g6 3. e3 Bg7 4. Be2 d6 5. O-O O-O 6. c4 Nbd7 7. Nc3 c6 8. d5 Ne8
9. Qd2 e5 10. dxe6 fxe6 11. b3 d5 12. Bb2 a5 13. cxd5 exd5 14. e4 dxe4 15. Nxe4
Qe7 16. Bc4+ Kh8 17. Rfe1 a4 18. Neg5 Qd6 19. Nf7+ Rxf7 20. Rxe8+ 1-0

[Event "Druzynowe Mistrzostwa Polski Juniorow 2018 - II Liga"]
[Site "Szczyrk"]
[Date "1899-12-30"]
[Round "6.25"]
[White "Kukula, Karol"]
[Black "Krawczyk, Flawian"]
[Result "1/2-1/2"]
[WhiteTitle "I"]
[BlackTitle "II"]
[WhiteElo "1741"]
[BlackElo "1425"]

1. e4 c5 2. Nf3 d6 3. d4 cxd4 4. Nxd4 Nf6 5. Nc3 g6 6. Be3 Bg7 7. Be2 Nc6 8. O-O
O-O 9. Qd2 Ng4 10. Bxg4 Bxg4 11. f3 Bd7 12. Rad1 Ne5 13. b3 Rc8 14. Nd5 Bc6 15.
c4 Bxd5 16. cxd5 Nd7 17. Rc1 Nc5 18. b4 Nd7 19. Rxc8 Qxc8 20. Rc1 Qb8 21. Qc2
Ne5 22. a3 Qe8 23. h3 h5 24. Qb3 Qb8 25. Qc2 Qe8 26. Qb3 Qb8 27. Qa4 Rc8 28. Rxc8+
Qxc8 29. Qc2 Qc4 30. Kf2 Nd3+ 1/2-1/2

[Event "Druzynowe Mistrzostwa Polski Juniorow 2018 - II Liga"]
[Site "Szczyrk"]
[Date "1899-12-30"]
[Round "6.26"]
[White "Kupiecki, Szymon"]
[Black "Tustanowski, Mateusz"]
[Result "0-1"]
[WhiteTitle "I"]
[BlackTitle "I++"]
[WhiteElo "1644"]
[BlackElo "2078"]

1. e4 g6 2. d4 Bg7 3. Nc3 c6 4. Bc4 b5 5. Bb3 d6 6. Nf3 h6 7. Nxb5 Qa5+ 8. Nc3
Ba6 9. Bd2 Qc7 10. Ne2 Nd7 11. c3 Ngf6 12. Bc2 O-O 13. O-O e5 14. Re1 Nh5 15.
Nh4 Kh7 16. g3 Bxe2 17. Qxe2 Qb6 18. Nf5 Qxb2 19. Rec1 exd4 20. cxd4 Nhf6 21.
Nxg7 Kxg7 22. Qe3 h5 23. Bc3 Qb6 24. Rab1 Qa6 25. Bb3 Rae8 26. e5 Ng4 27. Qg5
f6 28. exf6+ Ndxf6 29. Bc2 Ne4 30. d5+ Kh7 0-1

[Event "Druzynowe Mistrzostwa Polski Juniorow 2018 - II Liga"]
[Site "Szczyrk"]
[Date "1899-12-30"]
[Round "6.27"]
[White "Pisarek, Elzbieta"]
[Black "Niedbala, Bartlomiej"]
[Result "0-1"]
[WhiteTitle "I"]
[BlackTitle "I++"]
[WhiteElo "1498"]
[BlackElo "2001"]

1. e4 c5 2. Nf3 d6 3. d4 cxd4 4. Nxd4 Nf6 5. Nc3 g6 6. Be3 Bg7 7. Be2 O-O 8. O-O
Nc6 9. Qd2 Ng4 10. Bxg4 Bxg4 11. f3 Bd7 12. g4 Ne5 13. b3 Rc8 14. Rad1 a6 15.
a4 f5 16. exf5 gxf5 17. g5 f4 18. Bxf4 Rxc3 19. Qxc3 Rxf4 20. Qe3 Qf8 21. Rf2
Qf7 22. Kg2 Ng6 23. Kf1 Qd5 24. Rfd2 Bxd4 25. Rxd4 Rxf3+ 26. Kg1 Qf5 27. Qd2 Bc6
28. Re1 e5 29. Rd3 Qg4+ 30. Qg2 Rf1+ 0-1

[Event "Druzynowe Mistrzostwa Polski Juniorow 2018 - II Liga"]
[Site "Szczyrk"]
[Date "1899-12-30"]
[Round "6.28"]
[White "Lichorad, Mateusz"]
[Black "Pisarek, Jan"]
[Result "1/2-1/2"]
[WhiteTitle "I"]
[BlackTitle "II"]
[WhiteElo "1770"]
[BlackElo "1339"]

1. d4 Nf6 2. Bf4 e6 3. e3 c5 4. c3 Nc6 5. Nd2 d6 6. Ngf3 Nh5 7. Bg3 Nxg3 8. hxg3
g6 9. Bb5 Bd7 10. O-O a6 11. Bd3 Bg7 12. Re1 O-O 13. Rb1 Rb8 14. b4 Qe7 15. a4
cxb4 16. cxb4 a5 17. bxa5 Nxa5 18. Nc4 Nxc4 19. Bxc4 Rfc8 20. Qb3 d5 21. Bb5 Qe8
22. Rec1 Bxb5 23. Qxb5 Qxb5 24. axb5 Bf6 25. Kf1 h5 26. Ke2 Rxc1 27. Rxc1 Kf8
28. Kd3 Ke8 29. Nd2 Kd7 30. Nb3 b6 31. Rc6 Bd8 32. e4 dxe4+ 33. Kxe4 Rc8 34. Rxc8
Kxc8 35. Nd2 Kd7 36. Nc4 f6 37. d5 exd5+ 38. Kxd5 Bc7 39. Nd2 g5 40. Ne4 Be5 41.
f4 gxf4 42. gxf4 Bb2 43. Ng3 h4 44. Nf5 Bc1 45. Nxh4 Bxf4 46. Nf5 Be5 47. g4 Bc3
48. Ng3 Be5 49. Ne4 Bb2 50. Nd6 Be5 51. Ne4 Bb2 52. Nf2 Be5 53. g5 Ba1 54. gxf6
Bxf6 55. Ne4 Be7 56. Ng3 Bc5 57. Nf5 Bg1 58. Ng7 Bf2 59. Ne6 Bg1 60. Nf4 Bf2 61.
Nd3 Bg1 62. Ne5+ Kc7 63. Ke6 Bh2 64. Nd3 Bd6 65. Nf2 Bg3 66. Ne4 Bh2 67. Nc3 Bg3
68. Nd5+ Kb7 69. Kd7 Bh2 70. Ne7 Bg3 71. Nc6 Bh2 72. Nd8+ Ka7 73. Kc6 Bg1 74.
Nf7 Bf2 75. Nd6 Kb8 76. Nc4 Ka7 77. Kc7 Bg3+ 78. Kc8 Bh2 79. Nd2 Bg3 80. Ne4 Bh2
81. Nc3 Bg3 82. Nd5 Bh2 83. Nb4 Bg3 84. Nc6+ Ka8 85. Kd7 Kb7 86. Nd8+ Ka7 87.
Kc6 Bf2 88. Nf7 Bg1 89. Nd6 Kb8 1/2-1/2

[Event "Druzynowe Mistrzostwa Polski Juniorow 2018 - II Liga"]
[Site "Szczyrk"]
[Date "1899-12-30"]
[Round "6.29"]
[White "Wojcik, Jagoda"]
[Black "Kulpa, Zuzanna"]
[Result "1-0"]
[WhiteTitle "I++"]
[BlackTitle "I++"]
[WhiteElo "1599"]
[BlackElo "1818"]

1. e4 d6 2. d4 Nf6 3. Nc3 e5 4. Nf3 Nbd7 5. Be2 Be7 6. O-O O-O 7. b3 c6 8. Bb2
Qc7 9. Qd3 b6 10. Nh4 g6 11. f4 Ne8 12. g3 exf4 13. Rxf4 g5 14. Nf5 Bf6 15. Rf2
Ng7 16. Nh6+ Kh8 17. Raf1 Qd8 18. e5 dxe5 19. Ne4 Be7 20. Nxf7+ Rxf7 21. Rxf7
Nf8 22. dxe5 Bh3 23. Qxd8 Rxd8 24. Rxe7 Bxf1 25. Kxf1 Nfe6 26. Bg4 Nd4 27. Nxg5
Rf8+ 28. Nf7+ Kg8 29. Bxd4 Rxf7+ 30. Rxf7 Kxf7 31. Ke2 1-0

[Event "Druzynowe Mistrzostwa Polski Juniorow 2018 - II Liga"]
[Site "Szczyrk"]
[Date "1899-12-30"]
[Round "6.30"]
[White "Kulpa, Karolina"]
[Black "Bialek, Alicja"]
[Result "0-1"]
[WhiteTitle "I"]
[BlackTitle "I"]
[WhiteElo "1323"]
[BlackElo "1308"]

1. d4 Nf6 2. Nf3 c5 3. c3 e6 4. Bg5 d5 5. Nbd2 h6 6. Bh4 a6 7. e3 Nc6 8. Bd3 b5
9. dxc5 Bxc5 10. e4 g5 11. Bg3 Bb7 12. Ne5 dxe4 13. Nxe4 Nxe5 14. Bxe5 Bxe4 15.
Bxe4 Qxd1+ 16. Rxd1 Nxe4 17. Bxh8 Nxf2 18. Ke2 Nxh1 19. Rxh1 f5 20. Be5 Rd8 21.
Bg7 Bf8 22. Bd4 Kf7 23. Re1 Bg7 24. Bb6 Rd7 25. Rc1 e5 26. b3 e4 27. c4 bxc4 28.
bxc4 f4 29. c5 e3 30. c6 Rd2+ 31. Ke1 Rxg2 32. Kf1 Rf2+ 33. Kg1 Be5 34. c7 Bxc7
35. Rxc7+ Kg6 36. Rc6+ Kh5 37. Rc1 Rxa2 38. Re1 Kh4 39. Bd4 Kh3 40. Bg7 h5 41.
Bh6 Rg2+ 42. Kf1 g4 43. Re2 Rxe2 44. Kxe2 f3+ 45. Kxe3 Kxh2 46. Bf4+ Kg2 0-1

[Event "Druzynowe Mistrzostwa Polski Juniorow 2018 - II Liga"]
[Site "Szczyrk"]
[Date "1899-12-30"]
[Round "6.31"]
[White "Kus, Aleksander"]
[Black "Sloniewski, Michal"]
[Result "1-0"]
[WhiteTitle "k"]
[BlackTitle "I"]
[WhiteElo "1934"]
[BlackElo "1806"]

1. d4 Nf6 2. Bf4 g6 3. Nc3 d5 4. e3 Bg7 5. h4 h5 6. Nb5 Na6 7. Nf3 c5 8. a4 Bf5
9. Bd3 Bxd3 10. Qxd3 O-O 11. c3 cxd4 12. exd4 Ne8 13. O-O Nac7 14. Rfe1 a6 15.
Na3 Nd6 16. Bh2 e6 17. Nc2 Nf5 18. Ne3 Nxe3 19. Qxe3 Ne8 20. Qf4 b5 21. Ne5 Nf6
22. f3 Qe7 23. Ra2 Rfc8 24. Nd3 Ra7 25. Rea1 Rca8 26. axb5 Qb7 27. bxa6 Rxa6 28.
Rxa6 Rxa6 29. Rxa6 Qxa6 30. Qd2 Nd7 31. Bg3 Nb6 32. b3 Nc8 33. Nc5 Qa3 34. Kh2
Nb6 35. Qf4 Qa5 36. Qb8+ Kh7 37. b4 Qb5 38. Bc7 Bxd4 39. cxd4 Qxb4 40. Be5 Qe1
41. Qh8# 1-0

[Event "Druzynowe Mistrzostwa Polski Juniorow 2018 - II Liga"]
[Site "Szczyrk"]
[Date "1899-12-30"]
[Round "6.32"]
[White "Lendzion, Kamil"]
[Black "Nowak, Patrycja"]
[Result "1-0"]
[WhiteTitle "II+"]
[BlackTitle "II"]
[WhiteElo "1663"]
[BlackElo "1160"]

1. e4 c6 2. d4 d5 3. Nc3 dxe4 4. Nxe4 Bf5 5. Ng3 Bg6 6. Nf3 Nd7 7. Bd3 e6 8. c3
Ngf6 9. h4 Bxd3 10. Qxd3 Bd6 11. Ne4 Nxe4 12. Qxe4 Nf6 13. Qc2 h6 14. Be3 Qc7
15. O-O-O O-O-O 16. Qa4 a6 17. Rhe1 Nd5 18. Bd2 Nb6 19. Qb3 c5 20. g3 c4 21. Qc2
Rhe8 22. Ne5 Bxe5 23. Rxe5 Rd5 24. Bf4 Qd7 25. Qe2 Qb5 26. Rxd5 Nxd5 27. Qe5 Nxf4
28. Qxb5 axb5 29. gxf4 Rd8 30. Kd2 Kc7 31. Ke3 f5 32. Rg1 Rd7 33. b3 Kc6 34. Kd2
Kd5 35. Re1 b6 36. Re5+ Kc6 37. Rxe6+ Rd6 38. Re5 Rg6 39. bxc4 bxc4 40. a4 Rg2
41. Ke3 Rh2 42. a5 bxa5 43. Rxa5 Rxh4 44. Rxf5 Rh1 45. Rc5+ Kd6 46. Rxc4 Re1+
47. Kf3 Re8 48. Ra4 Kd5 49. Ra5+ Kc4 50. Rc5+ Kd3 51. d5 Re7 52. d6 Rd7 53. Rc6
Rd8 54. c4 Kd4 55. c5 Kd5 56. Rc7 g6 57. d7 Ke6 58. c6 Kd6 59. Rc8 Ke7 60. Kg4
1-0

[Event "Druzynowe Mistrzostwa Polski Juniorow 2018 - II Liga"]
[Site "Szczyrk"]
[Date "1899-12-30"]
[Round "6.33"]
[White "Franc, Piotr"]
[Black "Zarebska, Lena"]
[Result "0-1"]
[WhiteTitle "II"]
[BlackTitle "I++"]
[WhiteElo "1196"]
[BlackElo "1817"]

1. e4 c5 2. Nf3 Nc6 3. d4 cxd4 4. Nxd4 g6 5. Nc3 Bg7 6. Nb3 Nf6 7. Be2 O-O 8. O-O
a5 9. a4 d6 10. Re1 Be6 11. Bf1 Rc8 12. Bg5 Ng4 13. h3 Nge5 14. Nd5 Nd7 15. c3
Nb6 16. Bb5 f6 17. Be3 Nd7 18. Nf4 Bf7 19. Bxc6 bxc6 20. Nd4 Nc5 21. b4 g5 22.
Nfe2 Nd7 23. Nf5 Ne5 24. bxa5 c5 25. Neg3 Nc4 26. Nxg7 Kxg7 27. Nf5+ Kh8 28. h4
e6 29. Nh6 Bg6 30. hxg5 fxg5 31. f3 Kg7 32. Ng4 h6 33. a6 Qa5 34. Qb3 Qxa6 35.
Qb5 Qxb5 36. axb5 Rb8 37. Rab1 Be8 38. b6 Rxb6 39. Rxb6 Nxb6 40. e5 Rf5 41. exd6
h5 42. Nf2 Nc4 43. Ne4 Nxe3 44. Rxe3 Bc6 45. Ng3 Rd5 46. Rxe6 h4 47. Ne4 c4 48.
Kf2 Ba4 49. Ke2 Bd1+ 50. Ke1 Ba4 51. Ke2 g4 52. Nd2 h3 53. gxh3 gxh3 54. Nf1 Bc2
55. Nh2 Bf5 56. Re7+ Kg6 57. d7 Bxd7 58. Re3 Kg5 59. Ke1 Bf5 60. Ke2 Kf4 61. Re8
Rd6 62. Rh8 Rg6 63. Nf1 Bd3+ 64. Kf2 Rg2+ 65. Ke1 Rg1 66. Rh4+ Kf5 67. Rxh3 Rxf1+
68. Kd2 Rf2+ 69. Ke3 Re2+ 70. Kd4 Kf4 71. Rh8 Kxf3 72. Rf8+ Kg2 73. Rg8+ Kf1 74.
Rg3 Re4+ 75. Kd5 Re2 76. Kd4 Ke1 77. Rxd3 cxd3 78. Kxd3 Rh2 79. Kd4 Kd2 80. c4
Rh4+ 81. Kd5 Rh5+ 82. Kd6 Kc3 83. c5 Kc4 84. c6 Rh6+ 85. Kd7 Rh7+ 86. Kd8 Kd5
87. c7 Kd6 88. Nc8+ Kc6 89. Ne7+ Kd6 90. Nc8+ Ke6 91. Nb6 0-1

[Event "Druzynowe Mistrzostwa Polski Juniorow 2018 - II Liga"]
[Site "Szczyrk"]
[Date "1899-12-30"]
[Round "6.34"]
[White "Libura, Julianna"]
[Black "Dopierala, Adam"]
[Result "1-0"]
[WhiteTitle "I"]
[BlackTitle "II"]
[WhiteElo "1540"]
[BlackElo "1164"]

1. e4 e5 2. Nf3 Nc6 3. d4 exd4 4. Nxd4 Bc5 5. Be3 Qf6 6. c3 Nge7 7. Bc4 Ne5 8.
Be2 d5 9. Nd2 Qg6 10. O-O dxe4 11. Bh5 Bg4 12. Bxg6 Bxd1 13. Bxf7+ Nxf7 14. Raxd1
Nd6 15. Bf4 Bxd4 16. cxd4 Nef5 17. Rfe1 O-O-O 18. Nxe4 Nb5 19. d5 Nbd4 20. Nc3
c5 21. dxc6 bxc6 22. f3 g6 23. Kf2 Rhg8 24. Bg5 Rd7 25. g4 Ng7 26. Ne4 Ne8 27.
Be3 Nc2 28. Rxd7 Kxd7 29. Rd1+ Kc7 30. Bxa7 Nb4 31. a3 Nd5 32. Bc5 Nef6 33. Nxf6
Nxf6 34. Re1 Nd5 35. Re5 Rb8 36. Re2 Kd7 37. b4 Ra8 38. Ra2 Nc3 39. Ra1 Nb5 40.
a4 Nc3 41. a5 Nd5 42. a6 Nf4 43. Rd1+ Nd5 44. a7 Ke6 45. Kg3 Nxb4 46. Bxb4 Rxa7
47. Rd6+ Kf7 48. Rxc6 1-0

[Event "Druzynowe Mistrzostwa Polski Juniorow 2018 - II Liga"]
[Site "Szczyrk"]
[Date "1899-12-30"]
[Round "6.35"]
[White "Roszkiewicz, Anna"]
[Black "Przepiora, Anna"]
[Result "1-0"]
[WhiteTitle "I++"]
[BlackTitle "I"]
[WhiteElo "1666"]
[BlackElo "1593"]

1. e4 c5 2. Nf3 Nc6 3. d4 cxd4 4. Nxd4 g6 5. c4 Bg7 6. Be3 Nf6 7. Nc3 O-O 8. Be2
d6 9. Nc2 b6 10. O-O Bb7 11. Qd2 Rc8 12. f3 Ne5 13. b3 a6 14. Rac1 Ned7 15. Nb4
Nc5 16. Rfd1 Nfd7 17. Nbd5 f5 18. exf5 Rxf5 19. Bg5 Rf7 20. Nxe7+ Rxe7 21. Qxd6
Re6 22. Bxd8 Rxd6 23. Rxd6 Rxd8 24. b4 Bxc3 25. Rxc3 Na4 26. Ra3 Nb2 27. Rd2 Nxc4
28. Bxc4+ Kf8 29. Bxa6 Bc6 30. Rad3 b5 31. Rd6 1-0